Risk in probation practice

Gespeichert in:  
Bibliographische Detailangaben
1. VerfasserIn: Kemshall, Hazel (Verfasst von)
Medienart: Druck Buch
Sprache:Englisch
Veröffentlicht: Aldershot [u.a.] Ashgate 1998
In:Jahr: 1998
Online-Zugang: Inhaltsverzeichnis
Bestand in Tübingen:In Tübingen vorhanden.
UB: KB 19 A 7201
Verfügbarkeit prüfen: HBZ Gateway
Subito Bestelldienst: Jetzt bestellen.
Schlagwörter:

MARC

LEADER 00000cam a2200000 c 4500
001 247747416
003 DE-627
005 20251222210920.0
007 tu
008 980818s1998 xxk||||| 00| ||eng c
010 |a  98-73401  
016 7 |a 1859723187  |2 UK 
020 |a 1859723187  |9 1-85972-318-7 
035 |a (DE-627)247747416 
035 |a (DE-576)074686054 
035 |a (DE-599)GBV247747416 
035 |a (OCoLC)833407317 
035 |a (OCoLC)40589496 
040 |a DE-627  |b ger  |c DE-627  |e rakwb 
041 |a eng 
044 |c XA-GB  |c XD-US  |c XB-SG 
050 0 |a HV9345.A5 
082 0 |a 364.6/3/0941  |q LOC  |2 21 
082 0 |a 364.630941 
084 |a 86.37  |2 bkl 
100 1 |a Kemshall, Hazel  |0 (DE-588)1033002267  |0 (DE-627)73994262X  |0 (DE-576)166757667  |4 aut 
109 |a Kemshall, Hazel 
245 1 0 |a Risk in probation practice  |c Hazel Kemshall 
263 |a : £42.50 : Formerly CIP 
264 1 |a Aldershot [u.a.]  |b Ashgate  |c 1998 
300 |a VIII, 362 S  |c 23cm 
336 |a Text  |b txt  |2 rdacontent 
337 |a ohne Hilfsmittel zu benutzen  |b n  |2 rdamedia 
338 |a Band  |b nc  |2 rdacarrier 
500 |a Includes bibliographical references and index 
583 1 |a Archivierung prüfen  |c 20200919  |f DE-640  |z 2  |2 pdager 
650 0 |a Probation  |z Great Britain 
650 0 |a Risk Assessment  |z Great Britain 
650 0 |a Risk Management  |z Great Britain 
650 0 |a Criminal behavior, Prediction of  |z Great Britain 
650 0 |a Probation  |x Great Britain 
650 0 |a Risk Assessment  |x Great Britain 
650 0 |a Risk Management  |x Great Britain 
650 0 |a Criminal behavior, Prediction of  |x Great Britain 
689 0 0 |d g  |0 (DE-588)4022153-2  |0 (DE-627)104665513  |0 (DE-576)208942076  |a Großbritannien  |2 gnd 
689 0 1 |d s  |0 (DE-588)4006305-7  |0 (DE-627)106378023  |0 (DE-576)208865039  |a Bewährungshilfe  |2 gnd 
689 0 2 |d s  |0 (DE-588)4137042-9  |0 (DE-627)10427932X  |0 (DE-576)209674318  |a Risikoanalyse  |2 gnd 
689 0 |5 (DE-627) 
856 4 2 |u http://www.gbv.de/dms/hbz/toc/ht009055403.pdf  |m V:DE-605  |q pdf/application  |v 2008-11-15  |x Verlag  |y Inhaltsverzeichnis  |3 Inhaltsverzeichnis  |7 1 
935 |i Blocktest 
936 b k |a 86.37  |j Strafvollzug  |0 (DE-627)106413546 
951 |a BO 
ELC |b 1 
LOK |0 000 xxxxxcx a22 zn 4500 
LOK |0 001 3080954254 
LOK |0 003 DE-627 
LOK |0 004 247747416 
LOK |0 005 19990308000000 
LOK |0 008 990308||||||||||||||||ger||||||| 
LOK |0 040   |a DE-21  |c DE-627  |d DE-21 
LOK |0 852   |a DE-21 
LOK |0 852 1  |c KB 19 A 7201  |9 00 
LOK |0 935   |a krim 
LOK |0 936ln  |a k13.2.1.1 
LOK |0 939   |a 08-03-99  |b l01 
ORI |a SA-MARC-krimdoka001.raw 
SIG |a UB: KB 19 A 7201 
TIM |a 100017070101_100020261231  |b 1707 - 2026